More fixed-rate mortgages (Record no. 117103)
[ view plain ]
| 000 -LEADER | |
|---|---|
| fixed length control field | 01267cam a2200217 4500 |
| 001 - CONTROL NUMBER | |
| control field | WB4001-14 |
| 008 - FIXED-LENGTH DATA ELEMENTS--GENERAL INFORMATION | |
| fixed length control field | 040316n2004 000 0 eng u |
| 035 ## - SYSTEM CONTROL NUMBER | |
| System control number | (Sirsi) u125421 |
| 245 ## - TITLE STATEMENT | |
| Title | More fixed-rate mortgages |
| 260 ## - PUBLICATION, DISTRIBUTION, ETC. | |
| Date of publication, distribution, etc. | 2004 |
| 490 ## - SERIES STATEMENT | |
| Series statement | HM Treasury Press Release |
| Volume/sequential designation | 12 March 2004 (3) |
| 520 ## - SUMMARY, ETC. | |
| Summary, etc. | The Miles review final report , "The UK mortgage market: taking a longer-term view", has been published, setting out recommendations to improve the UK mortgage market. It advocates the removal of obstacles to the development of a market where a larger proportion of mortgages are at interest rates that are fixed for more than a few years. The final report makes recommendations on borrower advice and information, on pricing structure fairness and on helping lenders fund mortgages and handle risk in the most cost-effective way. The report is available at http://www.hm-treasury.gov.uk/consultations_and_le gislation/miles_review/consult_miles_index.cfm. http://www.hm-treasury.gov.uk/newsroom_and_speeche s/press/2004/press_miles_04.cfm |
| 590 ## - LOCAL NOTE (RLIN) | |
| Local note | WB |
| 590 ## - LOCAL NOTE (RLIN) | |
| Local note | WB |
| 650 ## - SUBJECT ADDED ENTRY--TOPICAL TERM | |
| Topical term or geographic name entry element | MORTGAGE MARKET |
| 650 ## - SUBJECT ADDED ENTRY--TOPICAL TERM | |
| Topical term or geographic name entry element | FIXED-RATE MORTGAGES |
| 650 ## - SUBJECT ADDED ENTRY--TOPICAL TERM | |
| Topical term or geographic name entry element | PRICING STRUCTURE |
| 650 ## - SUBJECT ADDED ENTRY--TOPICAL TERM | |
| Topical term or geographic name entry element | MORTGAGE LENDERS |
| 690 ## - LOCAL SUBJECT ADDED ENTRY--TOPICAL TERM (OCLC, RLIN) | |
| Topical term or geographic name as entry element | HOUSING-MARKET |
| 942 ## - ADDED ENTRY ELEMENTS (KOHA) | |
| Suppress in OPAC | 0 |
| Withdrawn status | Lost status | Source of classification or shelving scheme | Damaged status | Not for loan | Home library | Current library | Shelving location | Date acquired | Total Checkouts | Full call number | Barcode | Date last seen | Copy number | Price effective from | Koha item type |
|---|---|---|---|---|---|---|---|---|---|---|---|---|---|---|---|
| Dewey Decimal Classification | London | London | News article | 16/03/2004 | WB4001-14 | 125421-1001 | 06/08/2019 | 1 | 06/08/2019 | News article |